000 01110nam a22003497a 4500
001 0074
003 DO-SdBPM
005 20260520095019.0
007 ta
008 151006b1991 sp||| |||| 00| 0 spa d
020 _a8432994332
040 _aDO-SdBPM
_bspa
_cBPMSU
_erda
082 0 4 _a371.92
_bM554d 1991
_222
100 1 _aMercer, Cecil D
_eautor
_4aut.
245 1 0 _aDificultades de aprendizaje :
_b origen y diagnóstico /
_cCecil D. Mercer
250 _a
260 _b
_c
264 _aBarcelona :
_bCEAC,
_c1991
300 _a298 páginas
_bilustración,
_c24 cm.
336 _atexto
_btxt
_2rdacontent
337 _asin mediación
_bnr
_2rdamedia
338 _avolumen
_bnc
_0reacarrier
490 0 _aEducación especial ;
_aeducación y enseñanza
_v
590 _aInventariado, 2026/VM
650 7 _aTrastornos del aprendizaje
650 7 _aTrastornos del aprendizaje
_xDiagnóstico
650 7 _aTrastornos del aprendizaje
_xTratamiento
650 7 _aPsicología del aprendizaje
650 7 _aEducación espacial
910 _aVMateo V. Control de calidad. BPMSU
942 _2ddc
_cBK
999 _c15856
_d15856